[Event "Cto Equipos Aragon 2013 DH Titulo"]
[Site "?"]
[Date "2013.03.16"]
[Round "8.8"]
[White "Carruez Berges, Santiago"]
[Black "Jimenez Fernandez, Alejandro"]
[Result "1/2-1/2"]
[WhiteElo "2119"]
[BlackElo "2011"]
[PlyCount "100"]
[EventDate "2013.??.??"]
[EventType "tourn"]
[EventRounds "4"]
[WhiteTeam "Agrupacion"]
[BlackTeam "Ibercaja"]

1. e4 c6 2. d4 d5 3. exd5 cxd5 4. Bd3 Nf6 5. c3 Nc6 6. Bf4 Bg4 7. Qb3 Qd7 8.
Nd2 e6 9. Ngf3 Bd6 10. Bxd6 Qxd6 11. Qxb7 Rb8 12. Qa6 O-O 13. Bb5 Rb6 14. Qa4
Ne7 15. b4 Ng6 16. O-O Qf4 17. Bd3 Ne4 18. Qc2 f5 19. Rae1 Rf6 20. Re3 Ne7 21.
Ne5 Rh6 22. g3 Qg5 23. h4 Rxh4 24. gxh4 Qxh4 25. Bxe4 dxe4 26. Nxg4 Qxg4+ 27.
Rg3 Qh5 28. Nc4 Rb8 29. Qd2 h6 30. Qf4 Rf8 31. Qe5 Rf6 32. Kg2 Ng6 33. Qb8+ Kh7
34. Rh1 Nh4+ 35. Rxh4 Qxh4 36. Qe5 f4 37. Qxe4+ Kh8 38. Nd2 Qh5 39. Qf3 Qf5 40.
Rg4 g5 41. Ne4 Rg6 42. Nd6 Qf8 43. Qe4 Kg7 44. Qe5+ Kh7 45. Kh2 Qa8 46. Ne4 Qd8
47. f3 Qe7 48. Rg2 g4 49. fxg4 Qh4+ 50. Kg1 Qe1+ 1/2-1/2

[Event "Cto Equipos Aragon 2013 DH Titulo"]
[Site "?"]
[Date "2013.03.16"]
[Round "8.9"]
[White "Guzman Moneo, Alberto"]
[Black "Chueca Forcen, Alberto"]
[Result "1-0"]
[WhiteElo "2192"]
[BlackElo "2310"]
[PlyCount "145"]
[EventDate "2013.??.??"]
[EventType "tourn"]
[EventRounds "4"]
[WhiteTeam "Helios"]
[BlackTeam "El Olivar"]

1. e4 Nf6 2. e5 Nd5 3. c4 Nb6 4. d4 d6 5. exd6 exd6 6. Nc3 Be7 7. Bd3 Nc6 8.
Nge2 O-O 9. O-O Bf6 10. Be3 Nb4 11. Ne4 Nxd3 12. Qxd3 d5 13. Nxf6+ Qxf6 14. c5
Nd7 15. Qd2 Re8 16. Rfe1 Nf8 17. Bf4 c6 18. Be5 Qg6 19. Rac1 Bg4 20. Nf4 Qg5
21. Re3 Ne6 22. Rce1 Qh6 23. Bd6 Red8 24. Nxe6 Bxe6 25. Be5 Kf8 26. Qb4 Rd7 27.
Rg3 g6 28. Rge3 Qh4 29. Qd2 Re8 30. Bd6+ Kg8 31. Rh3 Qd8 32. Rhe3 b5 33. Be5 f6
34. Bd6 Bf7 35. Rxe8+ Bxe8 36. Qh6 Rg7 37. Qe3 Bd7 38. Be7 Qe8 39. Bxf6 Qxe3
40. Rxe3 Rf7 41. Be5 a5 42. Ra3 a4 43. b3 axb3 44. axb3 Re7 45. f3 Kf7 46. Kf2
Ke6 47. Ke3 Kf5 48. Ra8 Be8 49. Rd8 Bd7 50. Rf8+ Kg5 51. Kf2 Kh6 52. Rf4 g5 53.
Rf6+ Kg7 54. Rd6+ Kg8 55. Bf6 Rf7 56. Bxg5 Kf8 57. Ke3 Ke8 58. Bf6 Rf8 59. g4
Rg8 60. Kf4 Rg6 61. h4 Rg8 62. h5 b4 63. g5 Rf8 64. g6 h6 65. Ke5 Rg8 66. g7
Bh3 67. Rxc6 Kd7 68. Rd6+ Kc7 69. Rd8 Rxg7 70. Bxg7 Kxd8 71. Bxh6 Bg2 72. Bg5+
Kd7 73. h6 1-0

[Event "Cto Equipos Aragon 2013 DH Titulo"]
[Site "?"]
[Date "2013.03.16"]
[Round "8.10"]
[White "Palacios Latasa, Elias"]
[Black "Cerrajeria Ruiz, Jesus Maria"]
[Result "1/2-1/2"]
[WhiteElo "2221"]
[BlackElo "2155"]
[PlyCount "93"]
[EventDate "2013.??.??"]
[EventType "tourn"]
[EventRounds "4"]
[WhiteTeam "El Olivar"]
[BlackTeam "Helios"]

1. e4 c5 2. Nc3 Nc6 3. g3 g6 4. Bg2 Bg7 5. d3 d6 6. f4 Nf6 7. Nf3 O-O 8. O-O
Bd7 9. h3 Ne8 10. g4 Nc7 11. f5 b5 12. Qe1 Nd4 13. Nxd4 cxd4 14. Ne2 Rc8 15.
Bd2 Na8 16. Rc1 Nb6 17. b3 Bc6 18. Qf2 d5 19. e5 Bxe5 20. Bh6 Bg7 21. Bxg7 Kxg7
22. Nxd4 Qd6 23. Rce1 Bd7 24. Rxe7 gxf5 25. gxf5 Qf6 26. Re2 Rg8 27. Qf4 h6 28.
Rf3 Kh7 29. Rfe3 Rg5 30. Qe5 Kg7 31. Qxf6+ Kxf6 32. Kh2 Rcg8 33. Bf3 b4 34. Rg2
Bxf5 35. Nc6 Rxg2+ 36. Bxg2 Rc8 37. Nxb4 a5 38. Nxd5+ Nxd5 39. Bxd5 Rxc2+ 40.
Kg3 Rxa2 41. Rf3 Ke5 42. Bxf7 Rd2 43. Bc4 Bg6 44. Re3+ Kd4 45. Re6 Bxd3 46.
Rxh6 Bxc4 47. bxc4 1/2-1/2

[Event "Cto Equipos Aragon 2013 DH Titulo"]
[Site "?"]
[Date "2013.03.16"]
[Round "8.11"]
[White "Navarro Alonso, Jorge Luis"]
[Black "Hernando Garcia, Antonio"]
[Result "1/2-1/2"]
[WhiteElo "2161"]
[BlackElo "2173"]
[PlyCount "70"]
[EventDate "2013.??.??"]
[EventType "tourn"]
[EventRounds "4"]
[WhiteTeam "Helios"]
[BlackTeam "El Olivar"]

1. e4 d5 2. exd5 Qxd5 3. Nc3 Qd8 4. d4 c6 5. Bc4 Bf5 6. g4 Bg6 7. f4 e6 8. Qe2
Qh4+ 9. Kf1 Be7 10. h3 h5 11. g5 Qg3 12. Bd3 Bxd3 13. cxd3 Nf6 14. gxf6 gxf6
15. Ne4 Qg6 16. Nf3 Qh7 17. Be3 Nd7 18. Kf2 Nb6 19. Rac1 O-O-O 20. b4 Bxb4 21.
Nxf6 Qf5 22. Ne4 Nd5 23. Nh4 Qh7 24. Rhg1 f6 25. Rg3 Qc7 26. Ng6 Rh7 27. Kf3
Rhd7 28. Rc4 Ba5 29. Nc5 Rd6 30. Ne4 R6d7 31. Nc5 Rd6 32. Bf2 Qf7 33. Ne4 R6d7
34. Nc5 Rd6 35. Ne4 R6d7 1/2-1/2

[Event "Cto Equipos Aragon 2013 DH Titulo"]
[Site "?"]
[Date "2013.03.16"]
[Round "8.12"]
[White "Melendez Fierro, Juan Bautista"]
[Black "Montes Santos, Lorenzo"]
[Result "1/2-1/2"]
[WhiteElo "2172"]
[BlackElo "2055"]
[PlyCount "80"]
[EventDate "2013.??.??"]
[EventType "tourn"]
[EventRounds "4"]
[WhiteTeam "El Olivar"]
[BlackTeam "Helios"]

1. e4 c5 2. Nc3 Nc6 3. g3 g6 4. Bg2 Bg7 5. d3 d6 6. f4 e6 7. Nf3 Nge7 8. O-O
O-O 9. Be3 Rb8 10. a4 Nd4 11. Bf2 Nec6 12. Nd2 a6 13. Ncb1 Ne7 14. c3 Ndc6 15.
Na3 b6 16. Nc2 Qc7 17. Ne3 Rd8 18. Qe2 b5 19. axb5 axb5 20. g4 b4 21. Rfc1 Bd7
(21... bxc3) 22. g5 bxc3 23. bxc3 Na5 24. Nec4 Nb3 25. Nxb3 Rxb3 26. e5 dxe5
27. fxe5 Nd5 28. Bxd5 exd5 29. Nd6 Be6 30. d4 c4 31. Ra6 Qb8 32. Ra2 Qb6 33.
Kg2 Rb8 34. Rcc2 Qd8 35. h4 Qd7 36. Qf3 Rb1 37. Bg3 h5 38. Bf4 Bf8 39. Kh2 Re1
40. Bg3 Reb1 1/2-1/2

[Event "Cto Equipos Aragon 2013 DH Titulo"]
[Site "?"]
[Date "2013.03.16"]
[Round "8.13"]
[White "Martinez Catalan, Francisco Javier"]
[Black "Adla, Diego Gustavo"]
[Result "0-1"]
[WhiteElo "2240"]
[BlackElo "2498"]
[PlyCount "46"]
[EventDate "2013.??.??"]
[EventType "tourn"]
[EventRounds "4"]
[WhiteTeam "L`Aurora Estadilla"]
[BlackTeam "St Casablanca"]

1. e4 c5 2. Nf3 g6 3. d4 cxd4 4. Nxd4 Bg7 5. Be2 Nc6 6. Nb3 Nf6 7. Nc3 a6 8. f4
d6 9. Be3 O-O 10. g4 b5 11. g5 Nd7 12. Qd2 Bb7 13. O-O-O Rc8 14. Bg4 Na5 15.
Nxa5 Bxc3 16. bxc3 Qxa5 17. Bxd7 Qxa2 18. Qd3 Rc4 19. Bd4 e5 20. Kd2 exd4 21.
Ra1 Qb2 22. Rhb1 Qxc3+ 23. Kd1 Bxe4 0-1

[Event "Cto Equipos Aragon 2013 DH Titulo"]
[Site "?"]
[Date "2013.03.16"]
[Round "8.14"]
[White "Glavina Rossi, Pablo"]
[Black "Solano Lasierra, Javier"]
[Result "1-0"]
[WhiteElo "2445"]
[BlackElo "2188"]
[PlyCount "37"]
[EventDate "2013.??.??"]
[EventType "tourn"]
[EventRounds "4"]
[WhiteTeam "St Casablanca"]
[BlackTeam "L`Aurora Estadilla"]

1. Nf3 Nf6 2. g3 d5 3. Bg2 c6 4. O-O e6 5. d4 Bd6 6. Nbd2 O-O 7. c4 Ne4 8. Nxe4
dxe4 9. Ne1 f5 10. f3 exf3 11. Nxf3 Nd7 12. Bf4 Qc7 13. e3 e5 14. Nxe5 Nxe5 15.
c5 Nf7 16. cxd6 Nxd6 17. Qb3+ Kh8 18. e4 Qe7 19. Qa3 1-0

[Event "Cto Equipos Aragon 2013 DH Titulo"]
[Site "?"]
[Date "2013.03.16"]
[Round "8.16"]
[White "Quintin Navarro, Alberto"]
[Black "Pellicer Cerezuela, Miguel"]
[Result "1-0"]
[WhiteElo "2220"]
[BlackElo "1794"]
[PlyCount "39"]
[EventDate "2013.??.??"]
[EventType "tourn"]
[EventRounds "4"]
[WhiteTeam "St Casablanca"]
[BlackTeam "L`Aurora Estadilla"]

1. Nf3 e6 2. c4 d5 3. d4 Nf6 4. g3 c6 5. Bg2 dxc4 6. O-O b5 7. Nc3 Bb4 8. Ne5
Nd5 9. e4 Nxc3 10. bxc3 Bd6 11. Qg4 Kf8 12. f4 c5 13. Nxf7 Kxf7 14. e5 Be7 15.
Be3 cxd4 16. cxd4 Nc6 17. Bxc6 Rb8 18. Rad1 Rf8 19. d5 Kg8 20. d6 1-0

[Event "Cto Equipos Aragon 2013 DH Descenso"]
[Site "Aragon"]
[Date "2013.03.16"]
[Round "8.17"]
[White "Hefty Hilardo, Jorge Walter"]
[Black "Carretero Cacho, Juan Jose"]
[Result "1-0"]
[WhiteElo "2323"]
[BlackElo "2139"]
[PlyCount "117"]
[EventDate "2013.??.??"]
[EventType "tourn"]
[EventRounds "4"]
[EventCountry "ESP"]
[WhiteTeam "Ibercaja B"]
[BlackTeam "Agrupacion B"]

1. e4 c5 2. Nf3 d6 3. Bb5+ Bd7 4. Bxd7+ Nxd7 5. O-O Ngf6 6. Re1 e6 7. c4 Be7 8.
d4 cxd4 9. Qxd4 Qb6 10. Qxb6 Nxb6 11. b3 Ng4 12. Nbd2 Bf6 13. Rb1 O-O 14. h3
Ne5 15. Nxe5 Bxe5 16. Nf3 Bf6 17. Rd1 Rfd8 18. Bf4 Be7 19. Rd3 e5 20. Be3 Nd7
21. Rbd1 b6 22. Nd2 Nc5 23. Rd5 a5 24. Kf1 Rdc8 25. f3 g6 26. Nb1 a4 27. b4 Na6
28. a3 Rxc4 29. Bxb6 Nb8 30. Be3 f5 31. exf5 gxf5 32. R5d3 Nd7 33. Rc3 Rac8 34.
Rdc1 Rxc3 35. Rxc3 Re8 36. Rc7 Nf6 37. Rc6 Nd5 38. Bd2 e4 39. Nc3 e3 40. Be1
Nf4 41. Ne2 Nd5 42. Bg3 f4 43. Bxf4 Nxf4 44. Nxf4 Bg5 45. Ne2 Rd8 46. Nc3 d5
47. Rc5 Bf6 48. Nxd5 Bd4 49. Ra5 Kf7 50. Ke2 Rc8 51. Kd3 Re8 52. Nf4 Be5 53.
Ne2 Bc7 54. Ra7 Re7 55. Ra6 Ke8 56. b5 Kd8 57. Ra8+ Kd7 58. Rxa4 Bd6 59. Re4
1-0

[Event "Cto Equipos Aragon 2013 DH Descenso"]
[Site "Aragon"]
[Date "2013.03.16"]
[Round "8.19"]
[White "Dimitrov Uzunov, Nedko"]
[Black "Sanchez Moreno, Jose Carlos"]
[Result "0-1"]
[WhiteElo "1896"]
[BlackElo "1978"]
[PlyCount "76"]
[EventDate "2013.??.??"]
[EventType "tourn"]
[EventRounds "4"]
[EventCountry "ESP"]
[WhiteTeam "Ibercaja B"]
[BlackTeam "Agrupacion B"]

1. d4 g6 2. Nf3 Bg7 3. c4 d6 4. Nc3 Nf6 5. Bf4 O-O 6. Qd2 Nc6 7. d5 Na5 8. e4
c5 9. h3 a6 10. Bd3 Rb8 11. O-O b5 12. cxb5 axb5 13. Bh6 b4 14. Ne2 e6 15. Bxg7
Kxg7 16. b3 exd5 17. exd5 Nxd5 18. Bxg6 fxg6 19. Qxd5 Bb7 20. Qd3 Bxf3 21. gxf3
Qf6 22. f4 Nc6 23. Rad1 Rbd8 24. Kh2 Ne7 25. Rg1 d5 26. Rg4 d4 27. Ng3 Kh8 28.
Qc4 Rd5 29. Re1 Rfd8 30. Ne4 Qe6 31. Qd3 Rh5 32. Reg1 Qf5 33. Qf3 d3 34. Qe3 d2
35. Nxd2 Rd3 36. Qe2 Qd5 37. Ne4 Rhxh3+ 38. Kg2 Rh2+ 0-1

[Event "Cto Equipos Aragon 2013 DH Descenso"]
[Site "Aragon"]
[Date "2013.03.16"]
[Round "8.20"]
[White "Martinez Crespo, Juan"]
[Black "Larraz Giganto, Carlos"]
[Result "0-1"]
[WhiteElo "1857"]
[BlackElo "1876"]
[PlyCount "72"]
[EventDate "2013.??.??"]
[EventType "tourn"]
[EventRounds "4"]
[EventCountry "ESP"]
[WhiteTeam "Agrupacion B"]
[BlackTeam "Ibercaja B"]

1. e4 c5 2. Nf3 d6 3. d4 cxd4 4. Nxd4 Nf6 5. f3 e5 6. Bb5+ Bd7 7. Bxd7+ Nbxd7
8. Nf5 Nb6 9. c4 Nxc4 10. Qa4+ Qd7 11. Qxc4 Rc8 12. Qxc8+ Qxc8 13. O-O d5 14.
Bg5 h6 15. Bxf6 gxf6 16. Nc3 d4 17. Nd5 Kd8 18. Rac1 Qe6 19. Rc7 Qxd5 20. exd5
Kxc7 21. f4 Bd6 22. fxe5 Bxe5 23. Rc1+ Kd7 24. Rd1 Rc8 25. Rd2 Rc5 26. d6 Rd5
27. g4 Bxd6 28. Kg2 d3 29. a3 Bf4 30. Rd1 h5 31. h3 hxg4 32. hxg4 d2 33. Kf3
Bg5 34. Ne3 Rd3 35. Ke2 Rxe3+ 36. Kxd2 Ke6 0-1

[Event "Cto Equipos Aragon 2013 DH Descenso"]
[Site "Aragon"]
[Date "2013.03.16"]
[Round "8.22"]
[White "Arregui Untoria, Carlos"]
[Black "Bellosta Lopez, Pablo"]
[Result "0-1"]
[WhiteElo "2101"]
[BlackElo "2072"]
[PlyCount "80"]
[EventDate "2013.??.??"]
[EventType "tourn"]
[EventRounds "4"]
[EventCountry "ESP"]
[WhiteTeam "St. Casablanca B"]
[BlackTeam "Club Atletismo Huesca"]

1. d4 d5 2. c4 c6 3. Nf3 e6 4. g3 Nf6 5. Bg2 dxc4 6. O-O Nbd7 7. a4 b6 8. Qc2
Bb7 9. Qxc4 Be7 10. Rd1 Rc8 11. Nc3 c5 12. Qb3 Nd5 13. a5 c4 14. Qa4 Bc6 15.
Qc2 Nb4 16. Qb1 b5 17. h4 h6 18. e4 a6 19. Be3 Nd3 20. Ne1 Nxe1 21. Rxe1 O-O
22. d5 Bb7 23. Bh3 e5 24. Qd1 Bd6 25. Rf1 Rc7 26. f4 exf4 27. Bxf4 Bxf4 28.
Rxf4 Ne5 29. Qd4 Nd3 30. Ne2 Bc8 31. Bxc8 Nxf4 32. Nxf4 Qxc8 33. e5 c3 34. bxc3
Rxc3 35. Nd3 Qc4 36. Qxc4 Rxc4 37. d6 Rd8 38. Kf2 f6 39. Rd1 Rd4 40. Ke3 fxe5
0-1

[Event "Cto Equipos Aragon 2013 DH Descenso"]
[Site "Aragon"]
[Date "2013.03.16"]
[Round "8.23"]
[White "Gella Lopez, Angel"]
[Black "Cebollada Pacheco, Jesus Raul"]
[Result "0-1"]
[WhiteElo "2092"]
[BlackElo "2030"]
[PlyCount "102"]
[EventDate "2013.??.??"]
[EventType "tourn"]
[EventRounds "4"]
[EventCountry "ESP"]
[WhiteTeam "Club Atletismo Huesca"]
[BlackTeam "St. Casablanca B"]

1. d4 Nf6 2. c4 g6 3. Nc3 Bg7 4. e4 d6 5. Nf3 O-O 6. Be2 e5 7. O-O Nc6 8. d5
Ne7 9. Ne1 Ne8 10. Nd3 f5 11. Bd2 Nf6 12. f3 f4 13. c5 h5 14. Rc1 g5 15. Nb5
Ne8 16. cxd6 cxd6 17. Qc2 Qb6+ 18. Nf2 Bd7 19. a4 a6 20. a5 Qd8 21. Na3 Rf6 22.
Rfe1 Rg6 23. h3 g4 24. hxg4 hxg4 25. fxg4 b5 26. axb6 Qxb6 27. Nc4 Qa7 28. Kf1
Bf6 29. Red1 Bh4 30. Be1 Rc8 31. Qb3 Rb8 32. Qa3 Rh6 33. Kg1 Bb5 34. Qf3 Ng6
35. Na5 Bxf2+ 36. Bxf2 Qh7 37. Kf1 Rh1+ 38. Bg1 Nh4 39. Qf2 Nf6 40. Bxb5 Nxg4
41. Qe1 Ne3+ 42. Ke2 Qh5+ 43. Kd3 Nxd1 44. Qxd1 Qxd1+ 45. Rxd1 Rxb5 46. Nc4
Nxg2 47. Nxd6 Rxb2 48. Nc4 Rh3+ 49. Be3 Nxe3 50. Rg1+ Ng2+ 51. Ne3 Rxe3+ 0-1

[Event "Cto Equipos Aragon 2013 DH Descenso"]
[Site "Aragon"]
[Date "2013.03.16"]
[Round "8.24"]
[White "Garcia Andres, Daniel"]
[Black "Laplaza Ara, Carlos"]
[Result "1/2-1/2"]
[WhiteElo "2024"]
[BlackElo "2020"]
[PlyCount "85"]
[EventDate "2013.??.??"]
[EventType "tourn"]
[EventRounds "4"]
[EventCountry "ESP"]
[WhiteTeam "St. Casablanca B"]
[BlackTeam "Club Atletismo Huesca"]

1. e4 c5 2. f4 Nc6 3. Nf3 e6 4. Bb5 d6 5. Nc3 Bd7 6. O-O Be7 7. d3 Qc7 8. f5
Nf6 9. Qe1 O-O 10. Qg3 Kh8 11. Ng5 exf5 12. Bc4 Ne5 13. Bf4 Nxc4 14. dxc4 h6
15. e5 dxe5 16. Bxe5 Qc6 17. Nd5 Nh5 18. Qh3 Bxg5 19. Qxh5 Qg6 20. Qf3 Qc6 21.
Rad1 Be6 22. Qc3 f6 23. Bg3 f4 24. Bf2 f5 25. h4 Bf6 26. Qa3 b6 27. Nxf4 Bxc4
28. Ng6+ Kg8 29. Rfe1 Rfe8 30. Rxe8+ Rxe8 31. Qxa7 Bxb2 32. Nf4 Bd4 33. Bxd4
cxd4 34. Rxd4 Qc5 35. c3 Bf7 36. Kh2 Qxc3 37. Qxb6 Bxa2 38. Rd8 Qe5 39. Rxe8+
Qxe8 40. Qd6 Bf7 41. Nd3 Qe4 42. Nc5 Qxh4+ 43. Kg1 1/2-1/2

[Event "Cto Equipos Aragon 2013 DH Descenso"]
[Site "Aragon"]
[Date "2013.03.16"]
[Round "8.25"]
[White "Gil Capape, Marco Antonio"]
[Black "Villuendas Valero, Adrian"]
[Result "0-1"]
[WhiteElo "2084"]
[BlackElo "2301"]
[PlyCount "68"]
[EventDate "2013.??.??"]
[EventType "tourn"]
[EventRounds "4"]
[EventCountry "ESP"]
[WhiteTeam "Caissa - Hnos. Cortes"]
[BlackTeam "Ramiro"]

1. e4 e6 2. d4 d5 3. e5 c5 4. Nf3 Nc6 5. Bd3 Bd7 6. O-O Qc7 7. a3 Nge7 8. dxc5
Ng6 9. b4 a5 10. Nc3 axb4 11. Nb5 Qb8 12. Bxg6 hxg6 13. Nd6+ Bxd6 14. exd6 Kf8
15. Bb2 bxa3 16. Rxa3 Rxa3 17. Bxa3 Qa7 18. Bb2 f6 19. Qd3 Kf7 20. Qc3 Ra8 21.
Ra1 Qb8 22. Ng5+ Kg8 23. Re1 d4 24. Qb3 fxg5 25. Rxe6 Bxe6 26. Qxe6+ Kf8 27. h4
Qe8 28. Qb3 Qf7 29. Qh3 gxh4 30. Qxh4 Kg8 31. c3 d3 32. Qh3 Qf5 33. g4 Qe4 34.
g5 d2 0-1

[Event "Cto Equipos Aragon 2013 DH Descenso"]
[Site "Aragon"]
[Date "2013.03.16"]
[Round "8.26"]
[White "Sacristan Latorre, Alberto"]
[Black "Carraminana Lopez, Luis Antonio"]
[Result "1/2-1/2"]
[WhiteElo "2063"]
[BlackElo "1998"]
[PlyCount "52"]
[EventDate "2013.??.??"]
[EventType "tourn"]
[EventRounds "4"]
[EventCountry "ESP"]
[WhiteTeam "Ramiro"]
[BlackTeam "Caissa - Hnos. Cortes"]

1. e4 c6 2. d4 d5 3. Nc3 dxe4 4. Nxe4 Bf5 5. Ng3 Bg6 6. h4 h6 7. h5 Bh7 8. Nf3
Nd7 9. Bd3 Bxd3 10. Qxd3 e6 11. Bd2 Qc7 12. O-O-O Ngf6 13. c4 O-O-O 14. Kb1 c5
15. Bc3 cxd4 16. Nxd4 Nc5 17. Qc2 a6 18. Nde2 Be7 19. b3 Rxd1+ 20. Rxd1 Rd8 21.
f3 Rxd1+ 22. Qxd1 Qd7 23. Qxd7+ Nfxd7 24. Kc2 Bd6 25. Bd4 Kc7 26. Be3 Be5
1/2-1/2

[Event "Cto Equipos Aragon 2013 DH Descenso"]
[Site "Aragon"]
[Date "2013.03.16"]
[Round "8.27"]
[White "Vasilev, Vas"]
[Black "Colom Sienes, Eduardo"]
[Result "0-1"]
[WhiteElo "1942"]
[BlackElo "2028"]
[PlyCount "108"]
[EventDate "2013.??.??"]
[EventType "tourn"]
[EventRounds "4"]
[EventCountry "ESP"]
[WhiteTeam "Caissa - Hnos. Cortes"]
[BlackTeam "Ramiro"]

1. d4 e6 2. Nf3 b6 3. Bg5 Be7 4. h4 Bb7 5. Nbd2 h6 6. Bf4 Nf6 7. e3 Nh5 8. Bd3
Nxf4 9. exf4 Nc6 10. c3 d6 11. Qc2 Qd7 12. O-O-O O-O-O 13. d5 Nb8 14. dxe6 fxe6
15. Nd4 Rdf8 16. Rhe1 Bd5 17. c4 Rxf4 18. cxd5 Rxd4 19. Nb3 Rxd5 20. Re4 Bf6
21. f4 Bxh4 22. Rh1 Bf6 23. Rd1 Nc6 24. a3 Na5 25. Kb1 Nxb3 26. Qxb3 Rxd3 27.
Qxd3 e5 28. Qa6+ Kb8 29. Ra4 c5 30. Qe2 exf4 31. Rxf4 Be5 32. Re4 Qf5 33. Qd3
Qf6 34. Qd5 Rc8 35. Re2 g5 36. Qf3 Qxf3 37. gxf3 Rf8 38. Rd3 h5 39. Re1 h4 40.
Rh1 Kc7 41. Kc2 Kc6 42. b3 d5 43. Kd1 b5 44. Ke2 c4 45. bxc4 bxc4 46. Re3 Kd6
47. Rh3 d4 48. Re4 Rb8 49. Kd1 Kd5 50. Kc1 d3 51. Rh1 c3 52. Rd1 Bf4+ 53. Rxf4
Rb1+ 54. Kxb1 c2+ 0-1

[Event "Cto Equipos Aragon 2013 DH Descenso"]
[Site "Aragon"]
[Date "2013.03.16"]
[Round "8.28"]
[White "Palacios Herrero, Pablo"]
[Black "Galvez Perez, Jose Luis"]
[Result "0-1"]
[WhiteElo "1963"]
[BlackElo "1925"]
[PlyCount "128"]
[EventDate "2013.??.??"]
[EventType "tourn"]
[EventRounds "4"]
[EventCountry "ESP"]
[WhiteTeam "Ramiro"]
[BlackTeam "Caissa - Hnos. Cortes"]

1. e4 g6 2. d4 Bg7 3. Nc3 a6 4. Be3 d6 5. Be2 b5 6. a3 Bb7 7. Bf3 Nd7 8. Nge2
e6 9. O-O Ne7 10. Qd2 Nb6 11. Rad1 Nc4 12. Qc1 Nxe3 13. Qxe3 O-O 14. Ng3 Nc6
15. Rfe1 Qe7 16. e5 dxe5 17. dxe5 Rab8 18. Bxc6 Bxc6 19. Na2 a5 20. c3 Rfd8 21.
f4 Bd5 22. Nc1 b4 23. cxb4 axb4 24. axb4 Rxb4 25. Nd3 Rb3 26. Ne2 Bf8 27. Nd4
Rbb8 28. Rc1 Qd7 29. f5 gxf5 30. Nf4 Rxb2 31. Qg3+ Kh8 32. Qc3 Rb7 33. Nh5 Bxg2
34. Nxf5 Qd3 35. Qxd3 Rxd3 36. Kxg2 exf5 37. Rf1 Rb2+ 38. Rf2 Rxf2+ 39. Kxf2 c5
40. Rg1 c4 41. Ke2 Be7 42. Nf4 Rd8 43. Rc1 Rd4 44. Ng2 Bg5 45. Rc2 Kg7 46. Ne1
Re4+ 47. Kf1 Kf8 48. Nf3 h6 49. Kg2 Ke7 50. Kg3 Ke6 51. Kg2 Bf4 52. h3 Bxe5 53.
Nd2 Kd5 54. Nxe4 fxe4 55. Kf2 f5 56. Ra2 f4 57. Ra8 Bd4+ 58. Ke1 c3 59. Rc8 f3
60. Kf1 e3 61. Ke1 Ke4 62. Kd1 Kd3 63. h4 e2+ 64. Ke1 f2# 0-1

[Event "Cto Equipos Aragon 2013 Preferente I"]
[Site "Aragon"]
[Date "2013.03.16"]
[Round "8.29"]
[White "Maza Broto, Pablo"]
[Black "Gomez Salinas, Nestor"]
[Result "1/2-1/2"]
[WhiteElo "2037"]
[BlackElo "1883"]
[PlyCount "88"]
[EventDate "2013.??.??"]
[EventType "tourn"]
[EventRounds "9"]
[EventCountry "ESP"]
[WhiteTeam "Jaime Casas B"]
[BlackTeam "Ramiro C"]

1. Nf3 g6 2. c4 Bg7 3. d4 d6 4. Nc3 Nf6 5. e4 O-O 6. Be2 Nbd7 7. O-O e5 8. dxe5
Nxe5 9. Nxe5 dxe5 10. Qxd8 Rxd8 11. Bg5 c6 12. h3 Be6 13. Rfd1 h6 14. Be3 Nh7
15. Rxd8+ Rxd8 16. Bxa7 Rd2 17. Rd1 Rxb2 18. Rd8+ Bf8 19. Bd3 Kg7 20. Be3 Bb4
21. Bc1 Bxc3 22. Bxb2 Bxb2 23. Rb8 b5 24. cxb5 cxb5 25. Rxb5 Bd4 26. a4 Bd7 27.
Rb4 Nf6 28. Kf1 Bc6 29. f3 Nd7 30. Bb5 Nb8 31. Ke2 Bxb5+ 32. Rxb5 Nc6 33. Kd3
Kf6 34. a5 Ke6 35. a6 h5 36. Kc4 Kd6 37. Rd5+ Kc7 38. Rb5 Kd6 39. Rd5+ Ke6 40.
Kb5 Na7+ 41. Kc4 Bb6 42. Rd1 Bd4 43. f4 Be3 44. fxe5 Kxe5 1/2-1/2

[Event "Cto Equipos Aragon 2013 Preferente I"]
[Site "Aragon"]
[Date "2013.03.16"]
[Round "8.30"]
[White "Abad Vinas, Jesus Manuel"]
[Black "Rodriguez Leiva, Manuel"]
[Result "0-1"]
[WhiteElo "1872"]
[BlackElo "2034"]
[PlyCount "78"]
[EventDate "2013.??.??"]
[EventType "tourn"]
[EventRounds "9"]
[EventCountry "ESP"]
[WhiteTeam "Ramiro C"]
[BlackTeam "Jaime Casas B"]

1. e4 e6 2. d3 d5 3. Nd2 Nf6 4. Ngf3 c5 5. g3 Nc6 6. Bg2 Be7 7. O-O O-O 8. Re1
Re8 9. c3 a5 10. Qc2 a4 11. Nf1 dxe4 12. dxe4 Qc7 13. Ng5 h6 14. Nf3 b5 15. Bf4
e5 16. Bd2 Be6 17. Ne3 Red8 18. Nh4 Rd7 19. Bf1 Rad8 20. Nf3 Qb8 21. b3 a3 22.
Rad1 b4 23. cxb4 Nd4 24. Nxd4 cxd4 25. Nf5 Bxb4 26. Bxb4 Qxb4 27. Bd3 Kh7 28.
Rc1 Rb7 29. Qc5 Qd2 30. Ba6 Rc8 31. Qxa3 Nxe4 32. Rxe4 Qxc1+ 33. Qxc1 Rxc1+ 34.
Kg2 Ra7 35. Bb5 Bxf5 36. Rxe5 Bg6 37. a4 Rc3 38. Bc4 Rd7 39. a5 d3 0-1

[Event "Cto Equipos Aragon 2013 Preferente I"]
[Site "Aragon"]
[Date "2013.03.16"]
[Round "8.31"]
[White "Buil Rello, Jose Antonio"]
[Black "Iglesias Fernandez, Luis"]
[Result "0-1"]
[WhiteElo "1982"]
[BlackElo "1862"]
[PlyCount "68"]
[EventDate "2013.??.??"]
[EventType "tourn"]
[EventRounds "9"]
[EventCountry "ESP"]
[WhiteTeam "Jaime Casas B"]
[BlackTeam "Ramiro C"]

1. e4 e6 2. d3 d5 3. e5 c5 4. c3 Nc6 5. f4 Bd7 6. Nf3 Nh6 7. Na3 Nf5 8. Nc2 Be7
9. Be2 Qc7 10. Bd2 Nh4 11. O-O Nxf3+ 12. Bxf3 g5 13. Qe2 O-O-O 14. Bh5 Rdf8 15.
Rac1 h6 16. b4 gxf4 17. bxc5 Qxe5 18. Qf3 Bg5 19. Rfe1 Qc7 20. Rb1 Ne5 21. Qe2
f3 22. Bxf3 Bxd2 23. Qxd2 Nxf3+ 24. gxf3 Rfg8+ 25. Kh1 Qxc5 26. d4 Qe7 27. Qf2
Rg6 28. Ne3 Qd8 29. Qb2 Bc6 30. Ng4 Rhg8 31. Qa3 h5 32. Ne5 Rg2 33. Rb2 Qg5 34.
Ng4 Rxb2 0-1

[Event "Cto Equipos Aragon 2013 Preferente I"]
[Site "Aragon"]
[Date "2013.03.16"]
[Round "8.32"]
[White "Gaston Cabello, Jorge Luis"]
[Black "Olivan Alvira, Alejandro"]
[Result "1-0"]
[WhiteElo "1806"]
[BlackElo "1568"]
[PlyCount "61"]
[EventDate "2013.??.??"]
[EventType "tourn"]
[EventRounds "9"]
[EventCountry "ESP"]
[WhiteTeam "Ramiro C"]
[BlackTeam "Jaime Casas B"]

1. Nf3 Nf6 2. b3 e6 3. Bb2 d5 4. e3 c6 5. Be2 Be7 6. O-O O-O 7. c4 Nbd7 8. Qc2
Qc7 9. Nc3 Qd8 10. d4 Re8 11. Bd3 Bd6 12. Ng5 g6 13. Nf3 Qe7 14. e4 dxe4 15.
Nxe4 Nxe4 16. Bxe4 f5 17. Bd3 Ba3 18. Rfe1 Bxb2 19. Qxb2 Qf6 20. Re2 c5 21.
Rae1 Kf7 22. Qd2 cxd4 23. Ng5+ Kg7 24. Nxe6+ Rxe6 25. Rxe6 Nc5 26. Rxf6 Kxf6
27. b4 Ne6 28. c5 Bd7 29. Bc4 b6 30. Bxe6 Bxe6 31. Qxd4+ 1-0

[Event "Cto Equipos Aragon 2013 Preferente I"]
[Site "Aragon"]
[Date "2013.03.24"]
[Round "8.33"]
[White "Del Corral Abancens, Alfonso"]
[Black "Roche Simon, Manuel Angel"]
[Result "0-1"]
[WhiteElo "1923"]
[BlackElo "2134"]
[PlyCount "46"]
[EventDate "2013.??.??"]
[EventType "tourn"]
[EventRounds "9"]
[EventCountry "ESP"]
[WhiteTeam "Shatranj"]
[BlackTeam "CCOO Delicias"]

1. b4 e5 2. Bb2 Bxb4 3. Bxe5 Nf6 4. Nf3 d5 5. e3 O-O 6. c4 Be7 7. cxd5 Nxd5 8.
Be2 c5 9. O-O Nc6 10. Bb2 Bf6 11. Bxf6 Qxf6 12. Na3 b6 13. Qb3 Be6 14. Qa4 Ncb4
15. Nc2 a6 16. Nxb4 Nxb4 17. a3 b5 18. Qd1 Nd5 19. Qc2 Rad8 20. d3 Nc3 21. d4
Nxe2+ 22. Qxe2 Bc4 23. Qb2 Bxf1 0-1